[Event "SRB-chT 1st League"]
[Site "Bajina Basta"]
[Date "2020.10.14"]
[Round "7.5"]
[White "Dimitrijevic, Zoran"]
[Black "Roljevic, Djordje"]
[Result "1/2-1/2"]
[WhiteElo "2088"]
[BlackElo "2177"]
[PlyCount "94"]
[EventDate "2020.10.10"]
[EventType "team-tourn"]
[EventRounds "11"]
[EventCountry "SRB"]
[SourceTitle "CBM 198 Extra"]
[Source "ChessBase"]
[SourceDate "2020.11.30"]
[SourceVersion "1"]
[SourceVersionDate "2020.11.30"]
[SourceQuality "1"]
[WhiteTeam "Surdulica Radnik"]
[BlackTeam "Cacak Borac"]
[WhiteTeamCountry "SRB"]
[BlackTeamCountry "SRB"]

1. Nf3 Nf6 2. d4 e6 3. c4 b6 4. g3 Bb7 5. Bg2 c5 6. e3 Be7 7. 0-0 0-0 8. Nc3 Ne4 9. Qc2 Nxc3 10. Qxc3 Bf6 11. Rd1 Qc7 12. b3 Nc6 13. Bb2 Rac8 14. Rac1 Nb4 15. Ra1 Be4 16. Ne1 Bxg2 17. Nxg2 Rfd8 18. a3 Nc6 19. Rac1 d5 20. Qc2 dxc4 21. Qxc4 Qb7 22. d5 Bxb2 23. dxc6 Qxc6 24. Rb1 Bxa3 25. Qa6 Bb2 26. Qxa7 Bf6 27. Qa2 g6 28. Qe2 b5 29. Ne1 c4 30. bxc4 bxc4 31. Nc2 Qa4 32. Rxd8+ Bxd8 33. Kg2 Qa2 34. Rb7 c3 35. Rd7 Bf6 36. Qd3 Qc4 37. Qxc4 Rxc4 38. Kf3 Ra4 39. Ke2 Ra2 40. Kd1 Rb2 41. Kc1 h5 42. Rc7 Kf8 43. h4 Ke8 44. f4 e5 45. f5 e4 46. fxg6 fxg6 47. Rc4 Rb5 1/2-1/2

[Event "SRB-chT 2nd League West"]
[Site "Kragujevac"]
[Date "2019.09.07"]
[Round "3.4"]
[White "Roljevic, Djordje"]
[Black "Brajovic, Miroljub"]
[Result "1-0"]
[WhiteElo "2153"]
[BlackElo "2141"]
[PlyCount "67"]
[EventDate "2019.09.06"]
[EventType "team-tourn"]
[EventRounds "11"]
[EventCountry "SRB"]
[SourceTitle "EXT 2020"]
[Source "ChessBase"]
[SourceDate "2019.10.17"]
[SourceVersion "1"]
[SourceVersionDate "2019.10.17"]
[SourceQuality "1"]
[WhiteTeam "Cacak Borac"]
[BlackTeam "Prijepolje Priko"]
[WhiteTeamCountry "SRB"]
[BlackTeamCountry "SRB"]

1. d4 Nf6 2. Nf3 d6 3. Nc3 g6 4. e4 Bg7 5. Bf4 0-0 6. Qd2 c6 7. 0-0-0 b5 8. Bd3 Qa5 9. Kb1 b4 10. Ne2 Ba6 11. Ng3 Bxd3 12. cxd3 Nbd7 13. Bh6 c5 14. h4 Bxh6 15. Qxh6 Ng4 16. Qd2 Nb6 17. h5 Na4 18. Rc1 Rab8 19. Ka1 cxd4 20. Nxd4 Qb6 21. Nge2 Nc5 22. Rh4 Nf6 23. Rch1 Qa6 24. Nc1 Rbc8 25. hxg6 fxg6 26. Qg5 Rf7 27. Nf5 Kf8 28. Nh6 Rg7 29. Qe3 Na4 30. Qd4 Rc2 31. e5 Nc3 32. Qc4 Rxc1+ 33. Rxc1 Qxc4 34. dxc4 1-0

[Event "Gligoric Cup 4th"]
[Site "Novi Banovci"]
[Date "2017.05.28"]
[Round "5.2"]
[White "Roljevic, Djordje"]
[Black "Klasan, Vladimir"]
[Result "1/2-1/2"]
[WhiteElo "2103"]
[BlackElo "2378"]
[PlyCount "107"]
[EventDate "2017.05.25"]
[EventType "team-swiss"]
[EventRounds "5"]
[EventCountry "SRB"]
[SourceTitle "CBM 178 Extra"]
[Source "ChessBase"]
[SourceDate "2017.06.22"]
[SourceVersion "1"]
[SourceVersionDate "2017.06.22"]
[SourceQuality "1"]
[WhiteTeam "Cacak Borac"]
[BlackTeam "Novi Banovci Omladinac"]
[WhiteTeamCountry "SRB"]
[BlackTeamCountry "SRB"]

1. d4 Nf6 2. Nf3 c5 3. d5 e6 4. Nc3 d6 5. e4 e5 6. Be2 Be7 7. 0-0 0-0 8. Nd2 Ne8 9. Nc4 Bg5 10. Bxg5 Qxg5 11. Qc1 Qe7 12. f4 Nd7 13. Bg4 exf4 14. Qxf4 Ne5 15. Nxe5 dxe5 16. Qf3 Nd6 17. Bxc8 Raxc8 18. a4 a6 19. a5 Qc7 20. Qe2 Rce8 21. Qg4 f6 22. b3 Qd8 23. Kh1 Rf7 24. Nd1 g6 25. Ne3 Rg7 26. Qh4 f5 27. Qxd8 Rxd8 28. exf5 gxf5 29. Nxf5 Nxf5 30. Rxf5 Rxd5 31. Raf1 h6 32. g3 c4 33. b4 c3 34. Rf8+ Kh7 35. Rc8 Rd4 36. Rb1 Rf7 37. Rxc3 Rf2 38. Re3 Rdd2 39. h4 Rh2+ 40. Kg1 Rdg2+ 41. Kf1 Rxc2 42. Kg1 Kg6 43. Rxe5 Rcg2+ 44. Kf1 Rf2+ 45. Ke1 Ra2 46. Kd1 Kf6 47. Re4 Kf5 48. Rf4+ Ke5 49. Ke1 Rae2+ 50. Kf1 Re3 51. Kg1 Rh3 52. Kf2 Rexg3 53. Rf7 Ke6 54. Rxb7 1/2-1/2

[Event "Gligoric Cup 4th"]
[Site "Novi Banovci"]
[Date "2017.05.26"]
[Round "2.4"]
[White "Kojovic, Dragan"]
[Black "Roljevic, Djordje"]
[Result "1-0"]
[WhiteElo "2376"]
[BlackElo "2103"]
[PlyCount "135"]
[EventDate "2017.05.25"]
[EventType "team-swiss"]
[EventRounds "5"]
[EventCountry "SRB"]
[SourceTitle "CBM 178 Extra"]
[Source "ChessBase"]
[SourceDate "2017.06.22"]
[SourceVersion "1"]
[SourceVersionDate "2017.06.22"]
[SourceQuality "1"]
[WhiteTeam "Gornji Milanovac Metalac"]
[BlackTeam "Cacak Borac"]
[WhiteTeamCountry "SRB"]
[BlackTeamCountry "SRB"]

1. e4 e5 2. Nf3 Nc6 3. Bb5 a6 4. Bxc6 dxc6 5. 0-0 f6 6. d4 exd4 7. Nxd4 Ne7 8. Be3 Ng6 9. Qh5 Bd6 10. Nd2 0-0 11. Rad1 Qe7 12. Rfe1 Qe5 13. Qxe5 fxe5 14. N4b3 b6 15. Nf1 c5 16. Ng3 Ne7 17. f3 Be6 18. Nc1 a5 19. Nge2 a4 20. Nc3 Bc4 21. Bg5 Nc6 22. Nd5 Nd4 23. Ne3 Be6 24. c3 Nb5 25. a3 h6 26. Bh4 g6 27. Nd3 c6 28. Bg3 Rae8 29. Rd2 Bb3 30. Nc1 Bf7 31. Red1 Bb8 32. Rd7 h5 33. Bh4 Be6 34. R7d2 Kg7 35. Bg5 Bc7 36. Kf2 Na7 37. Nd3 Bb3 38. Re1 Rf7 39. Nc1 Be6 40. Red1 Rff8 41. h3 Nc8 42. Ne2 Bb3 43. Rd7+ Rf7 44. Rxf7+ Bxf7 45. Rd7 Bb8 46. g4 Nd6 47. gxh5 gxh5 48. Rxd6 Bxd6 49. Nf5+ Kg6 50. Nxd6 Kxg5 51. Nxf7+ Kh4 52. Nd6 Rd8 53. Nc4 b5 54. Nxe5 Rd2 55. f4 Rxb2 56. Nxc6 Rd2 57. e5 Rd7 58. e6 Rg7 59. e7 Rg8 60. Ng3 Re8 61. Kf3 Kxh3 62. Ne4 b4 63. cxb4 cxb4 64. axb4 a3 65. Nc3 Rg8 66. Na2 Rg3+ 67. Ke4 Rg8 68. f5 1-0

[Event "SRB-chT2 West"]
[Site "Kragujevac"]
[Date "2015.09.04"]
[Round "1.2"]
[White "Roljevic, Djordje"]
[Black "Djukic, Sinisa"]
[Result "1/2-1/2"]
[WhiteElo "2090"]
[BlackElo "1999"]
[PlyCount "120"]
[EventDate "2015.09.04"]
[EventType "team-tourn"]
[EventRounds "11"]
[EventCountry "SRB"]
[SourceTitle "EXT 2022"]
[Source "ChessBase"]
[SourceDate "2021.10.06"]
[SourceVersion "1"]
[SourceVersionDate "2021.10.06"]
[SourceQuality "1"]

1. d4 d5 2. Bf4 Bf5 3. e3 e6 4. Nf3 Nf6 5. Be2 Nbd7 6. 0-0 h6 7. Ne5 Nxe5 8. Bxe5 Bd6 9. Bxd6 Qxd6 10. c4 dxc4 11. Na3 0-0 12. Nxc4 Qe7 13. Bf3 Be4 14. Bxe4 Nxe4 15. Qc2 Nf6 16. Ne5 Rfc8 17. Rfc1 c6 18. a3 Nd7 19. Qe4 Nxe5 20. Qxe5 Rd8 21. Rc5 Rd7 22. Rac1 Rad8 23. g3 a6 24. h4 Rd5 25. Qf4 Rxc5 26. Rxc5 Rd5 27. b4 f6 28. Qe4 Kf7 29. Qh7 Qd8 30. Rc4 Rf5 31. Rc5 Rd5 32. Rc1 a5 33. Rc5 axb4 34. axb4 e5 35. dxe5 Rxc5 36. bxc5 Qd1+ 37. Kh2 Qf3 38. e6+ Kxe6 39. Qxg7 Qxf2+ 40. Kh3 Qf5+ 41. Kh2 Qf2+ 42. Kh3 Qf1+ 43. Kh2 Qf2+ 44. Kh3 Qxe3 45. Qxb7 Qxc5 46. Qc8+ Ke5 47. Qe8+ Kd6 48. Qf8+ Kd5 49. Qxf6 Qd6 50. Qf3+ Ke6 51. Qg4+ Ke7 52. Qg7+ Ke8 53. g4 c5 54. h5 Qd3+ 55. Kh4 Qe3 56. Qg8+ Kd7 57. Qd5+ Ke7 58. Qb7+ Kf8 59. Qc8+ Kf7 60. Qf5+ Ke7 1/2-1/2

[Event "Gligoric Cup 3rd"]
[Site "Kraljevo"]
[Date "2015.05.16"]
[Round "1.4"]
[White "Radovic, Janko"]
[Black "Roljevic, Djordje"]
[Result "1-0"]
[WhiteElo "2257"]
[BlackElo "2115"]
[PlyCount "61"]
[EventDate "2015.05.16"]
[EventType "team-swiss"]
[EventRounds "7"]
[EventCountry "SRB"]
[SourceTitle "CBM 166 Extra"]
[Source "ChessBase"]
[SourceDate "2015.06.18"]
[SourceVersion "1"]
[SourceVersionDate "2015.06.18"]
[SourceQuality "1"]
[WhiteTeam "Kragujevac Radnicki"]
[BlackTeam "Cacak Borac"]
[WhiteTeamCountry "SRB"]
[BlackTeamCountry "SRB"]

1. e4 e5 2. Nf3 Nc6 3. c3 d5 4. Qa4 Bd7 5. exd5 Nd4 6. Qd1 Nxf3+ 7. Qxf3 Nf6 8. Bc4 e4 9. Qe2 Bd6 10. d4 h6 11. Bb3 b5 12. Be3 0-0 13. Nd2 Re8 14. h3 Qc8 15. 0-0 Qb7 16. f3 exf3 17. Qxf3 Rxe3 18. Qxe3 Re8 19. Qf3 c6 20. dxc6 Bxc6 21. Qf2 Bb8 22. Rfe1 Rxe1+ 23. Rxe1 Qc7 24. Nf1 Ne4 25. Qf5 Ng5 26. Bc2 Bd7 27. Qe5 Qc8 28. Qe7 g6 29. Qc5 Qd8 30. Qd5 Qc7 31. Re7 1-0

[Event "SRB-chT2 West"]
[Site "Vrnjacka Banja"]
[Date "2013.10.12"]
[Round "4"]
[White "Roljevic, Djordje"]
[Black "Rajkovic, Mladen"]
[Result "1-0"]
[WhiteElo "2078"]
[BlackElo "2053"]
[PlyCount "115"]
[EventDate "2013.10.10"]
[EventType "team-tourn"]
[EventRounds "8"]
[EventCountry "SRB"]
[SourceTitle "EXT 2014"]
[Source "ChessBase"]
[SourceDate "2013.11.20"]
[SourceVersion "1"]
[SourceVersionDate "2013.11.20"]
[SourceQuality "1"]

1. d4 d5 2. Nf3 Nf6 3. c4 c6 4. Qc2 dxc4 5. e4 b5 6. b3 cxb3 7. axb3 g6 8. Bb2 Bg7 9. Be2 0-0 10. 0-0 Bb7 11. Nbd2 a5 12. Ne5 Nfd7 13. Ndf3 f6 14. Nd3 Na6 15. Nf4 Nc7 16. Rfd1 Qc8 17. h4 e5 18. dxe5 fxe5 19. Nd3 Qe8 20. Qd2 c5 21. Rxa5 Bxe4 22. Ng5 Bc6 23. Rxa8 Qxa8 24. Qe3 h6 25. Ra1 Qe8 26. Ne4 Nd5 27. Qd2 Qe7 28. Bf3 Rd8 29. Ra6 Nb8 30. Rxc6 Nxc6 31. Nexc5 Ndb4 32. Qe3 Nxd3 33. Nxd3 Nd4 34. Be4 Qd6 35. g3 Kh8 36. b4 Rc8 37. Nc5 Nc6 38. Bc3 Ne7 39. Qe2 Rb8 40. Qg4 h5 41. Qg5 Rb6 42. Nd3 Qf6 43. Qxf6 Bxf6 44. Nxe5 Re6 45. f4 Kg7 46. Kg2 Rd6 47. Kf3 Nd5 48. Bd4 Ne7 49. Bc5 Re6 50. Bd3 Bxe5 51. fxe5 Nc6 52. Kf4 Kh7 53. Bd6 Nd4 54. Bc5 Nc6 55. Bd6 Nd4 56. Ke4 Nf5 57. Kd5 Re8 58. Kc5 1-0

[Event "SRB-chT2 West CS"]
[Site "Serbia"]
[Date "2011.10.13"]
[Round "6.5"]
[White "Roljevic, Djordje"]
[Black "Antic, Nenad"]
[Result "1-0"]
[WhiteElo "2053"]
[BlackElo "2077"]
[PlyCount "49"]
[EventDate "2011.09.11"]
[EventType "team"]
[EventRounds "11"]
[EventCountry "SRB"]
[SourceTitle "EXT 2015"]
[Source "ChessBase"]
[SourceDate "2014.11.20"]
[SourceVersion "1"]
[SourceVersionDate "2014.11.20"]
[SourceQuality "1"]

1. d4 d5 2. Nf3 Nf6 3. c4 e6 4. Bg5 Be7 5. e3 0-0 6. Nc3 h6 7. Bxf6 Bxf6 8. Qd2 b6 9. 0-0-0 Bb7 10. cxd5 exd5 11. g4 c5 12. h4 g6 13. g5 hxg5 14. hxg5 Bxg5 15. Nxg5 Qxg5 16. f4 Qf6 17. Qh2 Rd8 18. f5 gxf5 19. Bd3 Kf8 20. Rdf1 cxd4 21. Rxf5 Qe6 22. Re5 Qf6 23. Rf1 Qg7 24. Rg1 Qf6 25. Bh7 1-0

[Event "SRB-chT2 West CS"]
[Site "Serbia"]
[Date "2011.10.02"]
[Round "4"]
[White "Vizlina, Branisa"]
[Black "Roljevic, Djordje"]
[Result "1-0"]
[WhiteElo "2046"]
[BlackElo "2053"]
[PlyCount "71"]
[EventDate "2011.09.11"]
[EventType "team"]
[EventRounds "11"]
[EventCountry "SRB"]
[SourceTitle "EXT 2015"]
[Source "ChessBase"]
[SourceDate "2014.11.20"]
[SourceVersion "1"]
[SourceVersionDate "2014.11.20"]
[SourceQuality "1"]

1. e4 e5 2. Nf3 Nc6 3. d4 exd4 4. Bc4 Bc5 5. c3 Nf6 6. Bg5 h6 7. Bh4 g5 8. b4 Be7 9. Qb3 gxh4 10. Bxf7+ Kf8 11. e5 Ne4 12. Bg6 d5 13. exd6 Nxd6 14. b5 Rg8 15. Bh5 Na5 16. Qd5 Bf6 17. cxd4 Qe7+ 18. Kd1 Qe4 19. Qc5 Qd3+ 20. Nbd2 Qxb5 21. Qxc7 Qxh5 22. Qxd6+ Kg7 23. Ne4 Rf8 24. Rc1 Bg4 25. Rc7+ Rf7 26. Qxf6+ Kg8 27. Rxf7 Qxf7 28. Qxf7+ Kxf7 29. Kd2 Bxf3 30. gxf3 Rd8 31. Kc3 Ke6 32. Rb1 Rb8 33. Rb5 b6 34. Rh5 Rf8 35. Rxh6+ Ke7 36. Nd2 1-0

[Event "SRB-chT2 West"]
[Site "Serbia"]
[Date "2007.10.20"]
[Round "10"]
[White "Roljevic, Djordje"]
[Black "Vasic, Vladimir"]
[Result "0-1"]
[WhiteElo "2125"]
[BlackElo "2185"]
[PlyCount "34"]
[EventDate "2007.09.09"]
[EventType "team"]
[EventRounds "11"]
[EventCountry "SRB"]
[SourceTitle "EXT 2012"]
[Source "ChessBase"]
[SourceDate "2011.11.24"]
[SourceVersion "1"]
[SourceVersionDate "2011.11.24"]
[SourceQuality "1"]
[WhiteTeam "Cacak Borac"]
[BlackTeam "Uzice Sloboda"]
[WhiteTeamCountry "SRB"]
[BlackTeamCountry "SRB"]

1. d4 d5 2. c4 dxc4 3. Nf3 Nf6 4. e3 Bg4 5. Bxc4 e6 6. Qb3 Bxf3 7. gxf3 Nbd7 8. Qxb7 c5 9. Nc3 cxd4 10. exd4 Be7 11. Bf4 0-0 12. Bc7 Qe8 13. 0-0 a5 14. a3 Qc8 15. Qxc8 Rfxc8 16. Bxa5 Rxa5 17. Bd3 Bxa3 0-1

[Event "SRB-chT2 West"]
[Site "Serbia"]
[Date "2007.09.23"]
[Round "3.1"]
[White "Roljevic, Djordje"]
[Black "Ivanovic, Dragutin"]
[Result "0-1"]
[WhiteElo "2125"]
[BlackElo "2328"]
[PlyCount "62"]
[EventDate "2007.09.09"]
[EventType "team"]
[EventRounds "11"]
[EventCountry "SRB"]
[SourceTitle "EXT 2012"]
[Source "ChessBase"]
[SourceDate "2011.11.24"]
[SourceVersion "1"]
[SourceVersionDate "2011.11.24"]
[SourceQuality "1"]
[WhiteTeam "Cacak Borac"]
[BlackTeam "Ub"]
[WhiteTeamCountry "SRB"]
[BlackTeamCountry "SRB"]

1. d4 d5 2. Nf3 Nf6 3. c4 e6 4. Nc3 Be7 5. Bg5 h6 6. Bh4 0-0 7. e3 b6 8. cxd5 Nxd5 9. Bxe7 Qxe7 10. Nxd5 exd5 11. Be2 Be6 12. Rc1 c5 13. Ne5 Rc8 14. 0-0 Nd7 15. Nxd7 Qxd7 16. dxc5 bxc5 17. Qd2 Rab8 18. b3 Qc7 19. Rfd1 Qb6 20. Bf3 Rd8 21. Qc3 c4 22. bxc4 dxc4 23. Rxd8+ Rxd8 24. Be4 a5 25. f4 Rc8 26. f5 Bd7 27. Rb1 Qc5 28. Rd1 Ba4 29. Rb1 Re8 30. f6 Rxe4 31. Rb8+ Re8 0-1